| 000 | 01034nam a2200313Ia 4500 | ||
|---|---|---|---|
| 001 | dia_1172 | ||
| 003 | CHAP | ||
| 005 | 20231123111502.0 | ||
| 008 | 220117s1970 xx 000 0 und d | ||
| 010 | _a171719 | ||
| 020 | _a968-451-189-2 | ||
| 040 | _cCHAP | ||
| 082 | _a512 A97 1970 | ||
| 100 |
_aAyres, Frank _99021 |
||
| 245 |
_aTeoría y problemas de ecuaciones diferenciales / _c Frank Ayres Jr. ; traducción Tomás Gómez de Dios |
||
| 260 |
_aMéxico : _b McGraw-Hill, _c1970 |
||
| 300 | _a296 p. | ||
| 400 | _aSERIE DE COMPENDIOS SCHAUM | ||
| 440 |
_aSerie de Compendios Schaum (McGraw-Hill) _9104695 |
||
| 500 | _aTítulo de la cubierta: Ecuaciones diferenciales: teoría y 560 problemas | ||
| 503 | _aC/e | ||
| 590 | _aQA371 A97 1970 | ||
| 650 |
_aEcuaciones diferenciales _xProblemas, ejercicios, etc _9150200 |
||
| 700 |
_aGómez de Dios, Tomás, tr. _9150201 |
||
| 901 | _a512 A97 1970 | ||
| 902 | _aM | ||
| 905 | _a5232271970 MX m 8222223322SPA16 | ||
| 942 |
_cLIBRO _2ddc |
||
| 999 |
_c171719 _d171719 |
||